<?xml version="1.0" encoding="UTF-8"?>
<record
    xmlns:xsi="http://www.w3.org/2001/XMLSchema-instance"
    xsi:schemaLocation="http://www.loc.gov/MARC21/slim http://www.loc.gov/standards/marcxml/schema/MARC21slim.xsd"
    xmlns="http://www.loc.gov/MARC21/slim">

  <leader>01926nam a22003257a 4500</leader>
  <controlfield tag="003">NALT</controlfield>
  <controlfield tag="005">20250624131952.0</controlfield>
  <controlfield tag="008">      s2550    th                  tha d</controlfield>
  <datafield tag="020" ind1=" " ind2=" ">
    <subfield code="a">9789747713879</subfield>
  </datafield>
  <datafield tag="040" ind1=" " ind2=" ">
    <subfield code="a">NALT</subfield>
  </datafield>
  <datafield tag="041" ind1=" " ind2=" ">
    <subfield code="a">tha</subfield>
  </datafield>
  <datafield tag="050" ind1=" " ind2=" ">
    <subfield code="a">JQ 1745.A5 </subfield>
    <subfield code="b">&#xE25;949 2550</subfield>
  </datafield>
  <datafield tag="245" ind1="1" ind2="0">
    <subfield code="a">&#xE41;&#xE25;&#xE44;&#xE1B;&#xE02;&#xE49;&#xE32;&#xE07;&#xE2B;&#xE19;&#xE49;&#xE32; : </subfield>
    <subfield code="b">&#xE1B;&#xE0F;&#xE34;&#xE27;&#xE31;&#xE15;&#xE34; &#xE23;&#xE31;&#xE10;&#xE1B;&#xE23;&#xE30;&#xE2B;&#xE32;&#xE23; "&#xE1B;&#xE0F;&#xE34;&#xE23;&#xE39;&#xE1B;" &#xE01;&#xE32;&#xE23;&#xE40;&#xE21;&#xE37;&#xE2D;&#xE07;&#xE41;&#xE25;&#xE30;&#xE23;&#xE31;&#xE10;&#xE18;&#xE23;&#xE23;&#xE21;&#xE19;&#xE39;&#xE0D;&#xE44;&#xE17;&#xE22; /</subfield>
    <subfield code="c"> &#xE40;&#xE2A;&#xE19;&#xE48;&#xE2B;&#xE4C; &#xE08;&#xE32;&#xE21;&#xE23;&#xE34;&#xE01; ... [&#xE41;&#xE25;&#xE30;&#xE04;&#xE19;&#xE2D;&#xE37;&#xE48;&#xE19;&#xE46;] ; &#xE0A;&#xE32;&#xE0D;&#xE27;&#xE34;&#xE17;&#xE22;&#xE4C; &#xE40;&#xE01;&#xE29;&#xE15;&#xE23;&#xE28;&#xE34;&#xE23;&#xE34; &#xE1A;&#xE23;&#xE23;&#xE13;&#xE32;&#xE18;&#xE34;&#xE01;&#xE32;&#xE23;</subfield>
  </datafield>
  <datafield tag="260" ind1=" " ind2=" ">
    <subfield code="a">&#xE01;&#xE23;&#xE38;&#xE07;&#xE40;&#xE17;&#xE1E;&#xE2F; : </subfield>
    <subfield code="b">&#xE21;&#xE39;&#xE25;&#xE19;&#xE34;&#xE18;&#xE34;&#xE42;&#xE04;&#xE23;&#xE07;&#xE01;&#xE32;&#xE23;&#xE15;&#xE33;&#xE23;&#xE32;&#xE2A;&#xE31;&#xE07;&#xE04;&#xE21;&#xE28;&#xE32;&#xE2A;&#xE15;&#xE23;&#xE4C;&#xE41;&#xE25;&#xE30;&#xE21;&#xE19;&#xE38;&#xE29;&#xE22;&#xE28;&#xE32;&#xE2A;&#xE15;&#xE23;&#xE4C;, </subfield>
    <subfield code="c">2550.</subfield>
  </datafield>
  <datafield tag="300" ind1=" " ind2=" ">
    <subfield code="a">101 &#xE2B;&#xE19;&#xE49;&#xE32; :</subfield>
    <subfield code="b">&#xE20;&#xE32;&#xE1E;&#xE1B;&#xE23;&#xE30;&#xE01;&#xE2D;&#xE1A; ;</subfield>
    <subfield code="c">21 &#xE0B;&#xE21;.</subfield>
  </datafield>
  <datafield tag="650" ind1=" " ind2="4">
    <subfield code="a">&#xE23;&#xE31;&#xE10;&#xE18;&#xE23;&#xE23;&#xE21;&#xE19;&#xE39;&#xE0D;</subfield>
    <subfield code="9">44886</subfield>
    <subfield code="x">&#xE2A;&#xE31;&#xE21;&#xE21;&#xE19;&#xE32;</subfield>
    <subfield code="z">&#xE44;&#xE17;&#xE22; </subfield>
  </datafield>
  <datafield tag="650" ind1=" " ind2="4">
    <subfield code="a">&#xE23;&#xE31;&#xE10;&#xE1B;&#xE23;&#xE30;&#xE2B;&#xE32;&#xE23;</subfield>
    <subfield code="9">197</subfield>
    <subfield code="z">&#xE44;&#xE17;&#xE22;</subfield>
  </datafield>
  <datafield tag="651" ind1=" " ind2="4">
    <subfield code="a">&#xE44;&#xE17;&#xE22; </subfield>
    <subfield code="9">44947</subfield>
    <subfield code="x">&#xE01;&#xE32;&#xE23;&#xE40;&#xE21;&#xE37;&#xE2D;&#xE07;&#xE41;&#xE25;&#xE30;&#xE01;&#xE32;&#xE23;&#xE1B;&#xE01;&#xE04;&#xE23;&#xE2D;&#xE07;</subfield>
    <subfield code="x">&#xE2A;&#xE31;&#xE21;&#xE21;&#xE19;&#xE32;</subfield>
  </datafield>
  <datafield tag="700" ind1="0" ind2=" ">
    <subfield code="a">&#xE0A;&#xE32;&#xE0D;&#xE27;&#xE34;&#xE17;&#xE22;&#xE4C; &#xE40;&#xE01;&#xE29;&#xE15;&#xE23;&#xE28;&#xE34;&#xE23;&#xE34;</subfield>
    <subfield code="9">541</subfield>
  </datafield>
  <datafield tag="700" ind1="0" ind2=" ">
    <subfield code="a">&#xE40;&#xE2A;&#xE19;&#xE48;&#xE2B;&#xE4C; &#xE08;&#xE32;&#xE21;&#xE23;&#xE34;&#xE01;.</subfield>
    <subfield code="9">12543</subfield>
  </datafield>
  <datafield tag="700" ind1="0" ind2=" ">
    <subfield code="a">&#xE18;&#xE33;&#xE23;&#xE07;&#xE28;&#xE31;&#xE01;&#xE14;&#xE34;&#xE4C; &#xE40;&#xE1E;&#xE0A;&#xE23;&#xE40;&#xE25;&#xE34;&#xE28;&#xE2D;&#xE19;&#xE31;&#xE19;&#xE15;&#xE4C;</subfield>
    <subfield code="9">10227</subfield>
  </datafield>
  <datafield tag="700" ind1="0" ind2=" ">
    <subfield code="a">&#xE23;&#xE31;&#xE07;&#xE2A;&#xE23;&#xE23;&#xE04;&#xE4C; &#xE18;&#xE19;&#xE30;&#xE1E;&#xE23;&#xE1E;&#xE31;&#xE19;&#xE18;&#xE38;&#xE4C;</subfield>
    <subfield code="9">14812</subfield>
  </datafield>
  <datafield tag="700" ind1="0" ind2=" ">
    <subfield code="a">&#xE08;&#xE32;&#xE15;&#xE38;&#xE23;&#xE19;&#xE15;&#xE4C; &#xE09;&#xE32;&#xE22;&#xE41;&#xE2A;&#xE07;.</subfield>
    <subfield code="9">44946</subfield>
  </datafield>
  <datafield tag="700" ind1="0" ind2=" ">
    <subfield code="a">&#xE10;&#xE34;&#xE15;&#xE34;&#xE19;&#xE31;&#xE19;&#xE17;&#xE4C; &#xE1E;&#xE07;&#xE29;&#xE4C;&#xE2A;&#xE38;&#xE17;&#xE18;&#xE34;&#xE23;&#xE31;&#xE01;&#xE29;&#xE4C;</subfield>
    <subfield code="9">9907</subfield>
  </datafield>
  <datafield tag="700" ind1="0" ind2=" ">
    <subfield code="a">&#xE27;&#xE23;&#xE40;&#xE08;&#xE15;&#xE19;&#xE4C; &#xE20;&#xE32;&#xE04;&#xE35;&#xE23;&#xE31;&#xE15;&#xE19;&#xE4C;</subfield>
    <subfield code="9">16982</subfield>
  </datafield>
  <datafield tag="700" ind1="0" ind2=" ">
    <subfield code="a">&#xE01;&#xE19;&#xE01;&#xE23;&#xE31;&#xE15;&#xE19;&#xE4C; &#xE40;&#xE25;&#xE34;&#xE28;&#xE0A;&#xE39;&#xE2A;&#xE01;&#xE38;&#xE25;</subfield>
    <subfield code="9">12475</subfield>
  </datafield>
  <datafield tag="850" ind1=" " ind2=" ">
    <subfield code="a">NALT</subfield>
  </datafield>
  <datafield tag="942" ind1=" " ind2=" ">
    <subfield code="c">GB</subfield>
    <subfield code="2">lcc</subfield>
  </datafield>
  <datafield tag="998" ind1=" " ind2=" ">
    <subfield code="c">103</subfield>
    <subfield code="b">phon</subfield>
    <subfield code="j">104</subfield>
    <subfield code="k"> &#xE19;&#xE32;&#xE07;&#xE2A;&#xE32;&#xE27;&#xE2A;&#xE32;&#xE22;&#xE1D;&#xE19;  &#xE14;&#xE35;&#xE07;&#xE32;&#xE21;</subfield>
  </datafield>
  <datafield tag="999" ind1=" " ind2=" ">
    <subfield code="c">51314</subfield>
    <subfield code="d">51314</subfield>
  </datafield>
  <datafield tag="952" ind1=" " ind2=" ">
    <subfield code="0">0</subfield>
    <subfield code="1">0</subfield>
    <subfield code="2">lcc</subfield>
    <subfield code="4">0</subfield>
    <subfield code="7">0</subfield>
    <subfield code="8">CGBL</subfield>
    <subfield code="a">NALT</subfield>
    <subfield code="b">NALT</subfield>
    <subfield code="d">2021-09-20</subfield>
    <subfield code="o">JQ 1745.A5 &#xE25;949 2550</subfield>
    <subfield code="p">3961165297</subfield>
    <subfield code="r">2017-06-09 00:00:00</subfield>
    <subfield code="t">&#xE09;.2</subfield>
    <subfield code="w">2017-06-09</subfield>
    <subfield code="y">GB</subfield>
  </datafield>
  <datafield tag="952" ind1=" " ind2=" ">
    <subfield code="0">0</subfield>
    <subfield code="1">0</subfield>
    <subfield code="2">lcc</subfield>
    <subfield code="4">0</subfield>
    <subfield code="7">0</subfield>
    <subfield code="8">CGBL</subfield>
    <subfield code="a">NALT</subfield>
    <subfield code="b">NALT</subfield>
    <subfield code="d">2021-09-20</subfield>
    <subfield code="o">JQ 1745.A5 &#xE25;949 2550</subfield>
    <subfield code="p">3961165296</subfield>
    <subfield code="r">2017-06-09 00:00:00</subfield>
    <subfield code="t">&#xE09;.1</subfield>
    <subfield code="w">2017-06-09</subfield>
    <subfield code="y">GB</subfield>
  </datafield>
</record>
